NLSUI OPAC header image

The mafia : The first 100 years, the deadly inside story of organised crime (Record no. 33331)

MARC details
000 -LEADER
fixed length control field 00433nam a2200157Ia 4500
008 - FIXED-LENGTH DATA ELEMENTS--GENERAL INFORMATION
fixed length control field 160316s2002 xxu||||| |||| 00| 0 eng d
082 ## - DEWEY DECIMAL CLASSIFICATION NUMBER
Classification number 823.000000
Item number BAL
100 ## - MAIN ENTRY--PERSONAL NAME
Personal name Balsamo William
245 ## - TITLE STATEMENT
Title The mafia : The first 100 years, the deadly inside story of organised crime
250 ## - EDITION STATEMENT
Edition statement
260 ## - PUBLICATION, DISTRIBUTION, ETC.
Place of publication, distribution, etc. London
Name of publisher, distributor, etc. Virgin Books
Date of publication, distribution, etc. 2002
300 ## - PHYSICAL DESCRIPTION
Extent 464p
Other physical details
Dimensions
365 ## - TRADE PRICE
Price amount P 1.99
650 ## - SUBJECT ADDED ENTRY--TOPICAL TERM
Topical term or geographic name entry element 1. Fiction
700 ## - ADDED ENTRY--PERSONAL NAME
Personal name Carpozi George
--
Holdings
Withdrawn status Lost status Damaged status Not for loan Home library Current library Shelving location Date acquired Cost, normal purchase price Total Checkouts Total Renewals Full call number Barcode Date last seen Date last checked out Price effective from Koha item type
        . . NAB Compactor 30.05.2017 1.99 2 2 823 BAL 30091 21.04.2026 31.03.2026 30.05.2017 BOOKs